All 100k+ Cities in the World Starting with K - Statistics

General Stats
  • This quiz has been taken 36 times
    35 since last reset
  • The average score is 28 of 345
Answer Stats
Answer % Correct
Kyiv
67%
Kara
63%
Kansas City (Kansas)
60%
Kansas City (Missouri)
60%
Kraków
60%
Kyōto
60%
Kabul
57%
Khartoum
57%
Kingston
57%
Kingston upon Hull
57%
Kinshasa
57%
Kampala
53%
Karachi
50%
Kharkiv
50%
Kuala Lumpur
50%
Kathmandu
43%
Katowice
43%
Kent
43%
Kolkata
43%
Kazan
40%
Kiel
40%
Kigali
40%
Kano
37%
Karlsruhe
37%
Kaunas
37%
Knoxville
37%
Kōbe
37%
Krasnodar
37%
Krasnoyarsk
37%
Kandahar
33%
Kursk
33%
Kanpur
30%
Kitchener
30%
Košice
30%
Kunming
30%
Killeen
27%
Kirov
27%
Kōchi
27%
Kochi
27%
Kumasi
27%
Kaduna
23%
Kelowna
23%
Kielce
23%
Kirkuk
23%
Klagenfurt
23%
Koblenz
23%
Kristiansand
23%
Kaiserslautern
20%
Kaluga
20%
Kaohsiung
20%
Khabarovsk
20%
Kisangani
20%
Kozhikode
20%
Kut
20%
Kassel
17%
Koszalin
17%
Kryvyi Rih
17%
Kuopio
17%
Kaliningrad
13%
Kawasaki
13%
Kayseri
13%
Khiva
13%
Krefeld
13%
Kaifeng
10%
Karaganda
10%
Kati
10%
Kemerovo
10%
Kikwit
10%
Kita
10%
Klaipeda
10%
Klang
10%
Koga
10%
Konya
10%
Kota
10%
Kure
10%
Kagoshima
7%
Kale
7%
Kananga
7%
Karaj
7%
Kimberley
7%
Kira
7%
Kitakyūshū
7%
Kitwe
7%
Kluang
7%
Kolomna
7%
Kota Bharu
7%
Kramatorsk
7%
Kuantan
7%
Kuching
7%
Kuki
7%
Kunduz
7%
Kurgan
7%
Kutaisi
7%
Kabal
3%
Kabinda
3%
Kabwe
3%
Kaesŏng
3%
Kahramanmaraş
3%
Kaiyuan (Liaoning)
3%
Kaiyuan (Yunnan)
3%
Kakinada
3%
Kakogawa
3%
Kalyan
3%
Kamakura
3%
Kamianske
3%
Kamina
3%
Kamoke
3%
Kanazawa
3%
Kanggye
3%
Kaolack
3%
Karamay
3%
Karbala
3%
Karimnagar
3%
Karnal
3%
Kashgar
3%
Kashiwa
3%
Kassala
3%
Kasuga
3%
Kasugai
3%
Kasukabe
3%
Kasur
3%
Katihar
3%
Katsina
3%
Kawagoe
3%
Kawaguchi
3%
Kawanishi
3%
Kaya
3%
Kecskemét
3%
Kediri
3%
Keelung
3%
Kendari
3%
Kénitra
3%
Kerman
3%
Kermanshah
3%
Khamis Mushait
3%
Khammam
3%
Khandwa
3%
Khan Yunis
3%
Kharagpur
3%
Khomeynishahr
3%
Khorramabad
3%
Khorramshahr
3%
Khouribga
3%
Khulna
3%
Kigoma
3%
Kingswood
3%
Kırıkkale
3%
Kishi
3%
Kishiwada
3%
Kismayo
3%
Kisumu
3%
Klerksdorp
3%
Kōfu
3%
Kolhapur
3%
Kollam
3%
Kolwezi
3%
Komsomolsk-on-Amur
3%
Korba
3%
Korhogo
3%
Kōriyama
3%
Korla
3%
Korolyov
3%
Koshigaya
3%
Kostanay
3%
Kosti
3%
Kostroma
3%
Kota Kinabalu
3%
Kremenchuk
3%
Kropyvnytskyi
3%
Krugersdorp
3%
Kuala Terengganu
3%
Kufa
3%
Kulim
3%
Kumamoto
3%
Kumba
3%
Kunshan
3%
Kupang
3%
Kurashiki
3%
Kurnool
3%
Kurume
3%
Kushiro
3%
Kütahya
3%
Kyzylorda
3%
Kadapa
0%
Kadoma
0%
Kaduwela
0%
Kaech'ŏn
0%
Kafr El-Dawar
0%
Kafr El-Shaikh
0%
Kafue
0%
Kahama
0%
Kaili
0%
Kaiping
0%
Kairouan
0%
Kaizhou
0%
Kajang
0%
Kajjansi
0%
Kakamega
0%
Kakamigahara
0%
Kakegawa
0%
Kalabancoro
0%
Kalaburagi
0%
Kalaiya
0%
Kalar
0%
Kalemie
0%
Kaliakair
0%
Kalibo
0%
Kalulushi
0%
Kamagaya
0%
Kamalia
0%
Kamalshahr
0%
Kambar Ali Khan
0%
Kamensk-Uralsky
0%
Kamsar
0%
Kamyshin
0%
Kanasín
0%
Kanchipuram
0%
Kangar
0%
Kangsŏ
0%
Kanhangad
0%
Kankan
0%
Kannur
0%
Kanoya
0%
Kapaklı
0%
Karabük
0%
Karaikudi
0%
Karaköprü
0%
Karaman
0%
Karatsu
0%
Kariya
0%
Kartepe
0%
Karur
0%
Karuri
0%
Kasama
0%
Kasangati
0%
Kasaragod
0%
Kasese
0%
Kashan
0%
Kashihara
0%
Kashmar
0%
Kastamonu
0%
Kasulu
0%
Katabi
0%
Kavali
0%
Kawachinagano
0%
Kayamkulam
0%
Kayes
0%
Kazo
0%
Kempton Park
0%
Kenema
0%
Keningau
0%
Kerch
0%
Keren
0%
Kesbewa
0%
Kfar Saba
0%
Khairpur
0%
Khanewal
0%
Khanpur
0%
Khartoum North
0%
Khemis Miliana
0%
Khémisset
0%
Khenchela
0%
Khénifra
0%
Khirdalan
0%
Khon Kaen
0%
Khora
0%
Khoy
0%
Khraibat Al Souk
0%
Khujand
0%
Khushab
0%
Khusus
0%
Khuzdar
0%
Kiambu
0%
Kibaha
0%
Kikuyu
0%
Kilis
0%
Kimchaek
0%
Kindia
0%
Kindu
0%
Kipushi
0%
Kirdasah
0%
Kirishima
0%
Kırşehir
0%
Kiryū
0%
Kisarazu
0%
Kishanganj
0%
Kishangarh
0%
Kishoreganj
0%
Kisii
0%
Kislovodsk
0%
Kissidougou
0%
Kitami
0%
Kitengela
0%
Kızıltepe
0%
Kodaira
0%
Koforidua
0%
Koganei
0%
Kohalpur
0%
Kohat
0%
Kohima
0%
Koidu
0%
Kokand
0%
Kokshetau
0%
Kokubunji
0%
Kolda
0%
Komaki
0%
Komarapalayam
0%
Komatsu
0%
Kombolcha
0%
Kom Ombo
0%
Kōnosu
0%
Kon Tum
0%
Kopeysk
0%
Körfez
0%
Koronadal
0%
Kot Abdul Malik
0%
Kot Addu
0%
Kotamobagu
0%
Kot Radha Kishan
0%
Kotri
0%
Kottayam
0%
Koudougou
0%
Kousséri
0%
Koutiala
0%
Kovrov
0%
Kragujevac
0%
Krishnanagar
0%
Kroonstad
0%
Ksar El Kébir
0%
Kuala Langat
0%
Kuala Selangor
0%
Kulai
0%
Kulob
0%
Kumagaya
0%
Kumbakonam
0%
Kumul
0%
Kusatsu
0%
Kushtia
0%
Kusong
0%
Kuwana
0%
Kuytun
0%
Kwekwe
0%
Kyengera
0%
No matching quizzes found
Score Distribution
Percent of People with Each Score
Percentile by Number Answered
Your Score History
You have not taken this quiz since the last reset